|
|
|
|
| LEADER |
00000nam0a2200000 4500 |
| 001 |
348755 |
| 005 |
20231102010134.0 |
| 035 |
|
|
|a (RuTPU)RU\TPU\retro\556
|
| 090 |
|
|
|a 348755
|
| 100 |
|
|
|a 20180313d1971 km y0rusy50 ca
|
| 101 |
0 |
|
|a rus
|
| 102 |
|
|
|a RU
|
| 105 |
|
|
|a a z 001zy
|
| 200 |
1 |
|
|a Методы исследования и контроля в производстве фарфора и фаянса
|f под ред. А. И. Августиника, И. Я. Юрчака
|
| 210 |
|
|
|a Москва
|c Легкая индустрия
|d 1971
|
| 215 |
|
|
|a 431 с.
|c ил.
|
| 320 |
|
|
|a Библиография в конце глав
|
| 606 |
1 |
|
|a Фарфоровое производство
|x Технико-химический контроль
|2 stltpush
|3 (RuTPU)RU\TPU\subj\34837
|9 56688
|
| 610 |
1 |
|
|a химические исследования
|
| 610 |
1 |
|
|a кристаллооптические исследования
|
| 610 |
1 |
|
|a физические исследования
|
| 610 |
1 |
|
|a сырьевые материалы
|
| 610 |
1 |
|
|a подготовка
|
| 610 |
1 |
|
|a испытания
|
| 610 |
1 |
|
|a шликеры
|
| 610 |
1 |
|
|a массы
|
| 610 |
1 |
|
|a полуфабрикаты
|
| 610 |
1 |
|
|a глазури
|
| 610 |
1 |
|
|a глинистые материалы
|
| 610 |
1 |
|
|a керамические массы
|
| 610 |
1 |
|
|a сушильные свойства
|
| 610 |
1 |
|
|a теплотехнические испытания
|
| 610 |
1 |
|
|a обжиг
|
| 610 |
1 |
|
|a готовая продукция
|
| 610 |
1 |
|
|a огнеупорный припас
|
| 675 |
|
|
|a 666.5
|v 4
|
| 702 |
|
1 |
|a Августиник
|b А. И.
|4 340
|
| 702 |
|
1 |
|a Юрчак
|b И. Я.
|4 340
|
| 801 |
|
1 |
|a RU
|b 63413507
|c 20180313
|
| 801 |
|
2 |
|a RU
|b 63413507
|c 20180313
|g RCR
|
| 942 |
|
|
|c BK
|